000 01044nac a22003497a 4500
001 BR2015004909
003 BR-BrBNA
005 20240105124023.0
008 230509b bl.|||m| |||| 00| 0 por d
040 _aBR-BrBNA
_bpor
_cBiblioteca Nacional de Agricultura
072 _aP06; P07
090 _a8907 BR2015004909
100 1 _aBellote, A.F.J.
100 1 _aPinto Júnio, J.E.
100 1 _aSantos, P.E.T. dos
100 1 _aBrito, J.O.
100 1 _aCouri, S.
100 1 _aBuschinelli, C.C. de A.
110 1 _aEmbrapa Florestas, Colombo, PR (Brasil)
245 1 _a1. Congresso Brasileiro sobre Florestas Energéticas; programa e resumos
260 3 _aColombo, PR (Brasil):
_c2009.
300 _a170 p.
490 _aDocumentos - EMBRAPA Floresta(Brazil)
_vno. 177
_xISSN 1517-526X
650 _aBIOMASSA
650 _aENERGIA
650 _aRECURSO ENERGÉTICO
650 _aMADEIRA
650 _aBIOENERGIA
650 _aSILVICULTURA
909 _a202312
_bLúcia Elande
_c55
_dLúcia Elande
942 _2AGRIS
_n0
_cMS
999 _c298012
_d298012